| 000 | 00539cam a2200205 4500 | ||
|---|---|---|---|
| 001 | D6595 | ||
| 008 | 090401t1964 xxu||||| |||| 00| 0 eng d | ||
| 035 | _a(Sirsi) u1775 | ||
| 041 | _aeng | ||
| 050 | _a333 | ||
| 100 | _aLeach, W. A. | ||
| 245 | _aInvestments in land and property: a guide for investors and those responsible for investment property | ||
| 250 | _a2nd | ||
| 260 |
_aLondon _bEstates Gazette _c1964 |
||
| 300 | _axviii. 191p. 23cm | ||
| 350 | _a1.75 | ||
| 700 | _aWenham, E. G. | ||
| 942 | _n0 | ||
| 948 | _c04/03/1997 | ||
| 999 |
_c85694 _d85694 |
||